LDR 01262naa#a2200253#i#450# 001 RU\\bibl\124578 005 20260630004315.2 011 ## _a2077-7566 100 ## _a20260629b2026####ek#y0rusy0150####ca 101 0# _aRUS 102 ## _aRU 200 1# _aДВУНАПРАВЛЕННАЯ ВЗАИМОСВЯЗЬ ПАРОДОНТИТА И СОМАТИЧЕСКОЙ ПАТОЛОГИИ: ОТ СИСТЕМНОГО ВОСПАЛЕНИЯ К КЛИНИЧЕСКОМУ ПРОГНОЗУ _eЖурнальная статья 210 1# _aЕкатеринбург _cИздательский Дом «ТИРАЖ» _d2026 215 ## _a10 с. 608 ## _aЖурнальная статья _2local 675 ## _aСтоматология. Заболевания ротовой полости и зубов. 616.31 _zRUS 700 #1 _aБражникова _gАнна Николаевна 700 #1 _aДолгалев _gАлександр Анатольевич 700 #1 _aЭм _gАлександра Викторовна 700 #1 _aГарус _gЯна Николаевна 700 #1 _aЛавриненко _gЕкатерина Дмитриевна 700 #1 _aХейгетян _gАртур Вараздатович 700 #1 _aХорев _gОлег Юрьевич 856 4# _adental-press.ru _u